Исследование физико-химических процессов при электроискровой обработке металлических загрузок в водных растворах; Становление и развитие научных исследований в высшей школе; Т. 2

Bibliografische gegevens
Parent link:Становление и развитие научных исследований в высшей школе: сборник трудов Международной научной конференции, посвященной 100-летию со дня рождения профессора А. А. Воробьева, Томск, 14-16 сентября 2009 г./ Российская академия наук (РАН) ; Ассоциация инженерного образования России (АИОР) ; Томский политехнический университет (ТПУ).— , 2009.— 978-598298-543-9
Т. 2.— 2009.— С. 288-293
Andere auteurs: Журавков С. П. Сергей Петрович, Лобанова Г. Л. Галина Леонидовна, Яворовский Н. А. Николай Александрович, Ан В. В. Владимир Вилорьевич
Taal:Russisch
Gepubliceerd in: 2009
Onderwerpen:
Formaat: MixedMaterials Hoofdstuk
KOHA link:https://koha.lib.tpu.ru/cgi-bin/koha/opac-detail.pl?biblionumber=194603

MARC

LEADER 00000naa2a2200000 4500
001 194603
005 20240118125239.0
035 |a (RuTPU)RU\TPU\book\212246 
090 |a 194603 
100 |a 20110419d2009 k y0rusy50 ca 
101 0 |a rus 
102 |a RU 
200 1 |a Исследование физико-химических процессов при электроискровой обработке металлических загрузок в водных растворах  |f С. П. Журавков, Г. Л. Лобанова, Н. А. Яворовский, В. В. Ан 
320 |a Библиогр.: 2 назв. 
461 1 |0 (RuTPU)RU\TPU\book\209137  |y 978-598298-543-9  |t Становление и развитие научных исследований в высшей школе  |o сборник трудов Международной научной конференции, посвященной 100-летию со дня рождения профессора А. А. Воробьева, Томск, 14-16 сентября 2009 г.  |f Российская академия наук (РАН) ; Ассоциация инженерного образования России (АИОР) ; Томский политехнический университет (ТПУ)  |d 2009 
463 0 |0 (RuTPU)RU\TPU\book\208673  |y 978-5-98298-547-7  |t Т. 2  |v С. 288-293  |d 2009  |p 462 с. 
610 1 |a физико-химические процессы 
610 1 |a электроискровая обработка 
610 1 |a металлические порошки 
610 1 |a водные растворы 
610 1 |a труды учёных ТПУ 
701 1 |a Журавков  |b С. П.  |c химик  |c ведущий научный сотрудник, доцент Томского политехнического университета, кандидат химических наук  |f 1961-  |g Сергей Петрович  |3 (RuTPU)RU\TPU\pers\28225  |9 13178 
701 1 |a Лобанова  |b Г. Л.  |c российский химик  |c старший научный сотрудник НИИ ВН Томского политехнического университета, кандидат химических наук  |f 1942-  |g Галина Леонидовна  |3 (RuTPU)RU\TPU\pers\25617 
701 1 |a Яворовский  |b Н. А.  |c российский электрофизик  |c заведующий отделом научно-исследовательского института высоких напряжений Томского политехнического университета  |c кандидат технических наук  |f 1941-  |g Николай Александрович  |3 (RuTPU)RU\TPU\pers\25600 
701 1 |a Ан  |b В. В.  |c химик  |c профессор Томского политехнического университета, доктор химических наук  |f 1972-  |g Владимир Вилорьевич  |3 (RuTPU)RU\TPU\pers\25572  |9 11502 
801 1 |a RU  |b 63413507  |c 20110419 
801 2 |a RU  |b 63413507  |c 20230202  |g RCR 
942 |c BK